| 000 | 00434nam a22001577a 4500 | ||
|---|---|---|---|
| 999 |
_c17604 _d17604 |
||
| 003 | OSt | ||
| 005 | 20221109144915.0 | ||
| 008 | 221109b ||||| |||| 00| 0 eng d | ||
| 040 | _c0 | ||
| 100 |
_aAning, Jerome. _946759 |
||
| 245 | _aSC ruling a ' Chance to educate public on same-sex marriage' / | ||
| 260 |
_aPhilippines ; _cSeptember 5, 2019. _bInquirer, |
||
| 300 | _apage A5. | ||
| 650 |
_aEducation. _946760 |
||
| 942 |
_2ddc _cPER |
||